Chalsch chitrakoota (Record no. 124441)
[ view plain ]
| 000 -LEADER | |
|---|---|
| fixed length control field | 00560nam a2200205Ia 4500 |
| 003 - CONTROL NUMBER IDENTIFIER | |
| control field | OSt |
| 005 - DATE AND TIME OF LATEST TRANSACTION | |
| control field | 20240927095213.0 |
| 008 - FIXED-LENGTH DATA ELEMENTS--GENERAL INFORMATION | |
| fixed length control field | 210210b1951 xxu||||| |||| 00| 0 eng d |
| 040 ## - CATALOGING SOURCE | |
| Transcribing agency | AL |
| 041 ## - LANGUAGE CODE | |
| Language code of text/sound track or separate title | Malayalam |
| 082 ## - DEWEY DECIMAL CLASSIFICATION NUMBER | |
| Classification number | 872/27 |
| 100 ## - MAIN ENTRY--PERSONAL NAME | |
| Personal name | KURUP (R S) |
| Dates associated with a name | കുറുപ് (ആർ എസ ) |
| 9 (RLIN) | 180408 |
| 245 ## - TITLE STATEMENT | |
| Title | Chalsch chitrakoota |
| Remainder of title | ചാൾസ്ച്ച ചിത്രകൂടാ |
| 260 ## - PUBLICATION, DISTRIBUTION, ETC. | |
| Name of publisher, distributor, etc. | - |
| Date of publication, distribution, etc. | 1951 |
| 650 ## - SUBJECT ADDED ENTRY--TOPICAL TERM | |
| Topical term or geographic name entry element | chitrakoota |
| 9 (RLIN) | 180409 |
| 650 ## - SUBJECT ADDED ENTRY--TOPICAL TERM | |
| Topical term or geographic name entry element | Chalsch |
| 9 (RLIN) | 180410 |
| 690 ## - LOCAL SUBJECT ADDED ENTRY--TOPICAL TERM (OCLC, RLIN) | |
| Topical term or geographic name as entry element | Malayalam |
| 9 (RLIN) | 180411 |
| 906 ## - LOCAL DATA ELEMENT F, LDF (RLIN) | |
| a | 002470 |
| 942 ## - ADDED ENTRY ELEMENTS (KOHA) | |
| Source of classification or shelving scheme | Dewey Decimal Classification |
| Koha item type | Book |
| Withdrawn status | Lost status | Damaged status | Not for loan | Collection code | Home library | Current library | Date acquired | Cost, normal purchase price | Total Checkouts | Full call number | Barcode | Date last seen | Price effective from | Koha item type |
|---|---|---|---|---|---|---|---|---|---|---|---|---|---|---|
| Rare Book | St Aloysius Library | St Aloysius Library | 02/17/2021 | 0.00 | 872/27 | 002470 | 02/17/2021 | 02/17/2021 | Book |